La seule métropole commençant par... #1 - Statistiques

Statistiques générales
  • Ce quiz a été pris 60 fois
    39 depuis la dernière actualisation
  • Le résultat moyen est 13 sur 25
Statistiques - réponses
Début Pays Population Ville % Correct
Ly... France 1 749 000 Lyon
100%
St... Suède 1 680 000 Stockholm
95%
Ot... Canada 1 424 000 Ottawa
92%
Py... Corée du Nord 3 134 000 Pyongyang
89%
Fe... Maroc 1 268 000 Fes
86%
Hi... Japon 2 072 000 Hiroshima
86%
Gl... Royaume-Uni 1 689 000 Glasgow
81%
Or... Etats-Unis 2 040 000 Orlando
76%
Dj... Arabie Saoudite 4 785 000 Djeddah
73%
Iz... Turquie 3 057 000 Izmir
68%
Fr... Sierra Leone 1 274 000 Freetown
65%
Ed... Canada 1 520 000 Edmonton
62%
Re... Brésil 4 222 000 Recife
59%
Cl... Etats-Unis 1 761 000 Cleveland
57%
Ur... Chine 4 717 000 Urumqi
46%
Ek... Russie 1 521 000 Ekaterinburg
35%
Ib... Nigeria 3 761 000 Ibadan
24%
Fa... Pakistan 3 629 000 Faisalabad
22%
Qo... Iran 1 334 000 Qom
22%
Fl... Brésil 1 279 000 Florianopolis
14%
Mb... R. D. du Congo 2 770 000 Mbuji-Mayi
8%
On... Nigéria 1 556 000 Onitsha
8%
Sr... Inde 1 662 000 Srinagar
5%
Zi... Chine 2 734 000 Zibo
5%
Dh Inde 1 369 000 Dhanbad
3%
Aucun quiz correspondant
Distribution des résultats
% des personnes avec chaque résultat
Percentile par nombre de réponses
Votre historique - résultats
Vous n’avez pas pris ce quiz depuis la dernière actualisation